[Event "Millenium"]
[Site "Charlesbourg CAN"]
[Date "2014.10.06"]
[Round "1"]
[White "Fecteau, Martin"]
[Black "Boies, Dominique"]
[Result "0-1"]
[WhiteElo "1862"]
[BlackElo "1539"]
[PlyCount "32"]
[EventDate "2014.10.06"]
[EventType "tourn"]
[EventRounds "5"]
[EventCountry "CAN"]

1. Nf3 b6 2. e4 Bb7 3. Nc3 c5 4. Bc4 e6 5. O-O a6 6. a4 g5 7. d4 g4 8. Ne5 h5
9. dxc5 Bxc5 10. Bf4 Nc6 11. Nxc6 Bxc6 12. Qe2 Qf6 13. Bc7 h4 14. e5 Qf4 15.
Bd6 h3 16. Bxc5 hxg2 0-1

[Event "Millenium"]
[Site "Charlesbourg CAN"]
[Date "2014.10.06"]
[Round "1"]
[White "Laflamme, Simon"]
[Black "Beauchesne, Jonathan"]
[Result "1/2-1/2"]
[WhiteElo "2033"]
[BlackElo "1680"]
[PlyCount "76"]
[EventDate "2014.10.06"]
[EventType "tourn"]
[EventRounds "5"]
[EventCountry "CAN"]

1. Nf3 Nf6 2. c4 g6 3. Nc3 Bg7 4. e4 d6 5. d4 O-O 6. Be2 e5 7. O-O Nc6 8. d5
Ne7 9. Ne1 Nd7 10. Nd3 f5 11. Bd2 f4 12. Bg4 Nf6 13. Bxc8 Qxc8 14. f3 g5 15. h3
Nh5 16. c5 Ng3 17. Rf2 Rf6 18. Ne2 Nxe2+ 19. Rxe2 Qd7 20. Rc1 c6 21. cxd6 Rxd6
22. Bb4 Rh6 23. Nc5 Qc7 24. Ne6 Qd7 25. Nc5 Qc7 26. d6 Rxd6 27. Qb3+ Kh8 28.
Ne6 Qb6+ 29. Kh2 Rxe6 30. Qxe6 Qxb4 31. a3 Qb5 32. Rd2 Ng6 33. Rcd1 Nf8 34. Qe7
h6 35. Rd8 Rxd8 36. Rxd8 Qxb2 37. Rxf8+ Bxf8 38. Qxf8+ Kh7 1/2-1/2

[Event "Millenium"]
[Site "Charlesbourg CAN"]
[Date "2014.10.06"]
[Round "1"]
[White "Lord, Daniel"]
[Black "Garneau, Benoit"]
[Result "0-1"]
[WhiteElo "1539"]
[BlackElo "1942"]
[PlyCount "48"]
[EventDate "2014.10.06"]
[EventType "tourn"]
[EventRounds "5"]
[EventCountry "CAN"]

1. e4 c5 2. f4 Nc6 3. Nf3 g6 4. Nc3 Bg7 5. Bd3 d6 6. f5 Nf6 7. fxg6 hxg6 8. Bc4
Bg4 9. d3 Nd4 10. Be3 Qb6 11. Bxd4 cxd4 12. Ne2 e5 13. O-O Bh6 14. Kh1 Rh7 15.
c3 Be3 16. cxd4 exd4 17. Qb3 Qc7 18. Bb5+ Ke7 19. e5 dxe5 20. Qb4+ Qd6 21.
Qxd6+ Kxd6 22. Nfxd4 exd4 23. Rxf6+ Ke7 24. Rf4 Bxe2 0-1

[Event "Millenium"]
[Site "Charlesbourg CAN"]
[Date "2014.10.06"]
[Round "1"]
[White "Pouliot, Lewis"]
[Black "Cossette, Daniel"]
[Result "1-0"]
[WhiteElo "1618"]
[BlackElo "2029"]
[PlyCount "105"]
[EventDate "2014.10.06"]
[EventType "tourn"]
[EventRounds "5"]
[EventCountry "CAN"]

1. c4 e6 2. Nc3 d5 3. d4 c5 4. Nf3 Nc6 5. Bg5 Be7 6. Bxe7 Ngxe7 7. e3 cxd4 8.
exd4 O-O 9. Be2 Qb6 10. Qd2 dxc4 11. Bxc4 Rd8 12. Ne2 Nd5 13. Rd1 Bd7 14. O-O
Be8 15. a3 Rac8 16. Ba2 Na5 17. Rc1 Bb5 18. Rxc8 Rxc8 19. Rc1 Rxc1+ 20. Qxc1
Qc6 21. Qxc6 bxc6 22. Nc1 Nb6 23. b3 Nd5 24. a4 Ba6 25. Ne5 Nb4 26. Bb1 Nb7 27.
Nd7 Nd6 28. Nc5 Bc8 29. N1d3 Nxd3 30. Bxd3 f5 31. f4 Kf7 32. Kf2 Ke7 33. Kf3
Bd7 34. h3 Ne8 35. Nxd7 Kxd7 36. g4 g6 37. g5 Nc7 38. Bc4 Kd6 39. Ke3 Na8 40.
a5 Nc7 41. Kd3 Nb5 42. b4 Nc7 43. Ke3 Nd5+ 44. Bxd5 exd5 45. Kd3 Ke6 46. Kc3
Kf7 47. Kb3 Ke7 48. a6 Kd6 49. Ka4 Kd7 50. b5 Kc7 51. Ka5 cxb5 52. Kxb5 Kd6 53.
h4 1-0

[Event "Millenium"]
[Site "Charlesbourg CAN"]
[Date "2014.10.06"]
[Round "1"]
[White "Tremblay-Alix, Eric"]
[Black "Lessard, Claude"]
[Result "0-1"]
[WhiteElo "1795"]
[BlackElo "2059"]
[PlyCount "113"]
[EventDate "2014.10.06"]
[EventType "tourn"]
[EventRounds "5"]
[EventCountry "CAN"]

1. b3 e5 2. Bb2 Nc6 3. e4 d6 4. Nf3 Nge7 5. d4 exd4 6. Nxd4 Nxd4 7. Qxd4 Nc6 8.
Qd2 a6 9. Be2 Be6 10. Nc3 Be7 11. Nd5 Bxd5 12. exd5 Ne5 13. O-O Bf6 14. Rae1
O-O 15. Bxe5 Bxe5 16. f4 Bb2 17. Rf3 Qf6 18. c3 Ba3 19. Bd3 Rfe8 20. Ref1 c6
21. Rh3 g6 22. f5 g5 23. Rg3 h6 24. h4 Qe5 25. Kh2 f6 26. Bc4 b5 27. Bd3 Bc5
28. Qf4 Qxf4 29. Rxf4 Kf7 30. Re4 cxd5 31. Rxe8 Rxe8 32. hxg5 hxg5 33. Rh3 Kg7
34. g4 Re1 35. a4 bxa4 36. bxa4 a5 37. Bb5 Re4 38. Rg3 Bf2 39. Rf3 Be1 40. Kh3
Kf7 41. Bc6 Ke7 42. Bxd5 Re2 43. Rd3 Kd7 44. Bc4 Rc2 45. Bb5+ Kc7 46. c4 Bc3
47. Kg3 Be5+ 48. Kf3 Kb6 49. Re3 Rc1 50. Kg2 Kc5 51. Rf3 Bd4 52. Rb3 Bc3 53.
Ba6 Kd4 54. Kf2 Ke5 55. Kf3 Bd4 56. Rb5+ Bc5 57. Rb2 0-1

[Event "Millenium"]
[Site "Charlesbourg CAN"]
[Date "2014.10.13"]
[Round "2"]
[White "Beauchesne, Jonathan"]
[Black "Plante, Rejean"]
[Result "1/2-1/2"]
[WhiteElo "1680"]
[BlackElo "2026"]
[PlyCount "40"]
[EventDate "2014.10.06"]
[EventType "tourn"]
[EventRounds "5"]
[EventCountry "CAN"]

1. e4 c5 2. c3 d5 3. exd5 Qxd5 4. d4 e6 5. Na3 Nc6 6. Nf3 cxd4 7. Nb5 Qd8 8.
Nbxd4 Nf6 9. Bg5 Bd7 10. Nxc6 Bxc6 11. Ne5 Be7 12. Nxc6 Qxd1+ 13. Rxd1 bxc6 14.
Be2 O-O 15. Bf3 Rab8 16. Bc1 Rfc8 17. O-O Kf8 18. c4 a5 19. b3 a4 20. Rd3 axb3
1/2-1/2

[Event "Millenium"]
[Site "Charlesbourg CAN"]
[Date "2014.10.13"]
[Round "2"]
[White "Doyon, Stephane"]
[Black "Drolet, Stephane"]
[Result "0-1"]
[WhiteElo "1832"]
[BlackElo "2165"]
[PlyCount "70"]
[EventDate "2014.10.06"]
[EventType "tourn"]
[EventRounds "5"]
[EventCountry "CAN"]

1. e4 e6 2. d3 d5 3. Nd2 Nc6 4. Ngf3 Nf6 5. g3 dxe4 6. dxe4 Bc5 7. Bg2 e5 8.
O-O O-O 9. Qe2 b6 10. Nb3 Bd6 11. Bg5 h6 12. Bxf6 Qxf6 13. Rfd1 a5 14. a4 Ba6
15. c4 Qe6 16. Bf1 Rae8 17. Nh4 Ne7 18. Qc2 Bb4 19. Ng2 Bb7 20. Ne3 Qg6 21. Nd5
Nxd5 22. cxd5 Bd6 23. Bb5 Re7 24. Rac1 Bc8 25. Bf1 Bg4 26. Be2 Bd7 27. Nd2 f5
28. Bf3 Bc5 29. exf5 Bxf5 30. Qc4 Kh8 31. Ne4 Bd4 32. Qe2 Bxe4 33. Bxe4 Qg5 34.
Rxd4 exd4 35. Qc2 Rxe4 0-1

[Event "Millenium"]
[Site "Charlesbourg CAN"]
[Date "2014.10.13"]
[Round "2"]
[White "Dube, Daniel"]
[Black "Gagnon, Stephane"]
[Result "1-0"]
[WhiteElo "1806"]
[BlackElo "1549"]
[PlyCount "45"]
[EventDate "2014.10.06"]
[EventType "tourn"]
[EventRounds "5"]
[EventCountry "CAN"]

1. e4 e5 2. Nf3 Nc6 3. Nc3 Nf6 4. d4 exd4 5. Nxd4 Bc5 6. Be3 Nxd4 7. Bxd4 Bxd4
8. Qxd4 O-O 9. e5 Re8 10. Be2 b6 11. exf6 Ba6 12. Kf1 Bxe2+ 13. Nxe2 Re6 14.
Nf4 Rxf6 15. h4 c6 16. Rh3 Qc7 17. Rf3 Rd6 18. Qc3 Qd8 19. Qe5 Qc7 20. Re1 f6
21. Qe7 Rd4 22. Rg3 g6 23. Nh5 1-0

[Event "Millenium"]
[Site "Charlesbourg CAN"]
[Date "2014.10.13"]
[Round "2"]
[White "Garneau, Benoit"]
[Black "Pouliot, Lewis"]
[Result "0-1"]
[WhiteElo "1942"]
[BlackElo "1618"]
[PlyCount "64"]
[EventDate "2014.10.06"]
[EventType "tourn"]
[EventRounds "5"]
[EventCountry "CAN"]

1. Nf3 Nf6 2. g3 b5 3. Bg2 Bb7 4. d4 d5 5. O-O g6 6. a4 b4 7. Nbd2 c6 8. Ne5
Bg7 9. Nb3 Nbd7 10. Bf4 O-O 11. Nd3 a5 12. Ndc5 Nxc5 13. Nxc5 Bc8 14. f3 Qb6
15. Kh1 Nd7 16. Nxd7 Bxd7 17. e3 f6 18. e4 Rad8 19. exd5 cxd5 20. Qd2 Rc8 21.
h4 Rc4 22. Be3 Rfc8 23. Rfc1 Qc7 24. Bf4 Qc6 25. c3 bxc3 26. bxc3 Rxc3 27. Rxc3
Qxc3 28. Rc1 Qxc1+ 29. Qxc1 Rxc1+ 30. Bxc1 f5 31. Bd2 Bxd4 32. Bxa5 Bxa4 0-1

[Event "Millenium"]
[Site "Charlesbourg CAN"]
[Date "2014.10.13"]
[Round "2"]
[White "Lessard, Claude"]
[Black "Glode, Martin"]
[Result "1-0"]
[WhiteElo "2059"]
[BlackElo "1825"]
[PlyCount "46"]
[EventDate "2014.10.06"]
[EventType "tourn"]
[EventRounds "5"]
[EventCountry "CAN"]

1. Nf3 Nf6 2. b4 g6 3. Bb2 Bg7 4. g3 b6 5. Bg2 Bb7 6. O-O O-O 7. c4 a5 8. b5 d6
9. d4 Nbd7 10. Nbd2 Re8 11. Qc2 e5 12. e3 Qe7 13. a4 h6 14. Rfd1 Rac8 15. dxe5
dxe5 16. Bh3 Rcd8 17. Bg2 Nh7 18. Ba3 Qe6 19. Ng5 Nxg5 20. Bxb7 Bf8 21. Bxf8
Rxf8 22. Bd5 Qe7 23. Qxg6+ Kh8 1-0

[Event "Millenium"]
[Site "Charlesbourg CAN"]
[Date "2014.10.20"]
[Round "3"]
[White "Boies, Dominique"]
[Black "Beaudoin, Stephane"]
[Result "0-1"]
[WhiteElo "1539"]
[BlackElo "2167"]
[PlyCount "58"]
[EventDate "2014.10.06"]
[EventType "tourn"]
[EventRounds "5"]
[EventCountry "CAN"]

1. f4 g6 2. Nf3 Bg7 3. d4 Nf6 4. c4 O-O 5. Nc3 c5 6. e3 d6 7. Be2 cxd4 8. exd4
Nc6 9. h3 Nh5 10. g4 Ng3 11. Rg1 Nxe2 12. Nxe2 Na5 13. b3 Bd7 14. Be3 b5 15.
cxb5 Bxb5 16. Rc1 Rc8 17. Rxc8 Qxc8 18. Qd2 Qa6 19. Nc1 Rc8 20. a4 Bc6 21. Nh4
Be4 22. f5 Rc2 23. Qd1 Nc6 24. fxg6 hxg6 25. g5 Nb4 26. Rg4 Qc6 27. d5 Qc3+ 28.
Bd2 Qxh3 29. Bxb4 Qh1+ 0-1

[Event "Millenium"]
[Site "Charlesbourg CAN"]
[Date "2014.10.20"]
[Round "3"]
[White "Cote, Frederic"]
[Black "Belzil, Claude"]
[Result "1-0"]
[WhiteElo "1144"]
[BlackElo "1395"]
[PlyCount "27"]
[EventDate "2014.10.06"]
[EventType "tourn"]
[EventRounds "5"]
[EventCountry "CAN"]

1. c4 g6 2. Nf3 Bg7 3. d4 Nf6 4. Nc3 d6 5. e4 O-O 6. Bf4 Nbd7 7. Qd2 Nh5 8. Bh6
e5 9. d5 f5 10. Bxg7 Nxg7 11. Qh6 fxe4 12. Ng5 Nf6 13. Ncxe4 Nf5 14. Nxf6+ 1-0

[Event "Millenium"]
[Site "Charlesbourg CAN"]
[Date "2014.10.20"]
[Round "3"]
[White "Coulon, Dominic"]
[Black "Garneau, Benoit"]
[Result "0-1"]
[WhiteElo "1810"]
[BlackElo "1942"]
[PlyCount "62"]
[EventDate "2014.10.06"]
[EventType "tourn"]
[EventRounds "5"]
[EventCountry "CAN"]

1. e4 c5 2. Nf3 Nc6 3. Bc4 g6 4. O-O Bg7 5. c3 d6 6. d3 Nf6 7. Be3 O-O 8. Nbd2
Ng4 9. Bf4 Nce5 10. Nxe5 Nxe5 11. Bxe5 dxe5 12. f4 Qc7 13. f5 Bd7 14. h4 gxf5
15. exf5 Bc6 16. Qg4 Kh8 17. Ne4 b5 18. Bb3 c4 19. Bc2 Bxe4 20. Qxe4 Bf6 21.
Kh2 Rad8 22. Rad1 Rg8 23. dxc4 Qxc4 24. Qxc4 bxc4 25. g3 Rb8 26. b3 Rg4 27. Kh3
h5 28. bxc4 Rbg8 29. Rf3 e4 30. Re3 Be5 31. Rg1 Bf4 0-1

[Event "Millenium"]
[Site "Charlesbourg CAN"]
[Date "2014.10.20"]
[Round "3"]
[White "Drolet, Stephane"]
[Black "Lessard, Claude"]
[Result "1/2-1/2"]
[WhiteElo "2165"]
[BlackElo "2059"]
[PlyCount "79"]
[EventDate "2014.10.06"]
[EventType "tourn"]
[EventRounds "5"]
[EventCountry "CAN"]

1. Nf3 f5 2. c4 e6 3. g3 b6 4. Bg2 Bb7 5. Nc3 Nf6 6. O-O Bb4 7. Qb3 Bxc3 8.
Qxc3 O-O 9. d3 d6 10. b4 Nbd7 11. Nd4 Bxg2 12. Kxg2 Qe8 13. Nc6 Qh5 14. f3 e5
15. e4 fxe4 16. dxe4 Nxe4 17. Qd3 Ng5 18. Qd5+ Kh8 19. Bxg5 Qxg5 20. f4 Qh5 21.
Qf3 Qf7 22. Qd3 Qe6 23. Rae1 a5 24. bxa5 Nc5 25. Qc2 bxa5 26. fxe5 Rxf1 27.
Rxf1 dxe5 28. Nxa5 Kg8 29. Nb3 Qc6+ 30. Kg1 e4 31. Qf2 Ne6 32. Qf7+ Kh8 33. Nd4
Qc5 34. Qxe6 Qxd4+ 35. Kh1 h6 36. Re1 Rf8 37. Qe7 Qf2 38. Qxe4 Qxa2 39. Qe2 Qb3
40. Qe4 1/2-1/2

[Event "Millenium"]
[Site "Charlesbourg CAN"]
[Date "2014.10.20"]
[Round "3"]
[White "Fecteau, Martin"]
[Black "Beauchesne, Jonathan"]
[Result "1/2-1/2"]
[WhiteElo "1862"]
[BlackElo "1680"]
[PlyCount "88"]
[EventDate "2014.10.06"]
[EventType "tourn"]
[EventRounds "5"]
[EventCountry "CAN"]

1. d4 Nf6 2. c4 g6 3. Nc3 Bg7 4. e4 d6 5. Nf3 O-O 6. Be2 e5 7. O-O Nc6 8. d5
Ne7 9. Bd2 Ne8 10. Ne1 f5 11. Nd3 Nf6 12. f3 f4 13. Be1 g5 14. c5 h5 15. Rc1 a6
16. Bf2 g4 17. Na4 Bd7 18. cxd6 cxd6 19. Nb6 g3 20. hxg3 fxg3 21. Be3 Nfxd5 22.
Qb3 Kh8 23. Nxd5 Nxd5 24. Qxd5 Qh4 25. Rfd1 Qh2+ 26. Kf1 Qh1+ 27. Bg1 Bh6 28.
Nf2 gxf2 29. Kxf2 Rg8 30. Bf1 Qh4+ 31. Ke2 Bb5+ 32. Rc4 Bxc4+ 33. Qxc4 Rac8 34.
Qe6 Qf4 35. Ke1 Rc1 36. Qxd6 Rgc8 37. Be2 Bg5 38. Rxc1 Qxc1+ 39. Bd1 Qxb2 40.
Bh2 Qc3+ 41. Kf1 Qc4+ 42. Ke1 Qc3+ 43. Kf1 Qc4+ 44. Ke1 Qc3+ 1/2-1/2

[Event "Millenium"]
[Site "Charlesbourg CAN"]
[Date "2014.10.20"]
[Round "3"]
[White "Glode, Martin"]
[Black "Cossette, Daniel"]
[Result "0-1"]
[WhiteElo "1825"]
[BlackElo "2029"]
[PlyCount "104"]
[EventDate "2014.10.06"]
[EventType "tourn"]
[EventRounds "5"]
[EventCountry "CAN"]

1. e4 c5 2. c3 e6 3. d4 d5 4. exd5 exd5 5. Nf3 Nc6 6. Be3 cxd4 7. Nxd4 Nf6 8.
Be2 Be7 9. O-O O-O 10. Nd2 Be6 11. N2f3 Nd7 12. Qd2 Nb6 13. Bd3 Nc4 14. Qe2
Nxe3 15. Qxe3 Qd7 16. Rfe1 Nd8 17. Ng5 Bxg5 18. Qxg5 Nc6 19. Qh4 g6 20. Re3
Nxd4 21. Qxd4 a6 22. Rae1 Rac8 23. Rg3 Rfe8 24. Ree3 Bf5 25. h3 Bxd3 26. Qxd3
Qc6 27. Rg5 Rxe3 28. Qxe3 Qc4 29. a3 b5 30. Rg4 Qc6 31. Rd4 Re8 32. Qg5 Re1+
33. Kh2 Qd6+ 34. g3 Re5 35. Qf4 Qe6 36. Kg2 Re4 37. Qd2 Re2 38. Qc1 Qf5 39. Rf4
Qc2 40. Qxc2 Rxc2 41. Rb4 Kf8 42. a4 bxa4 43. Rxa4 Rxb2 44. Rxa6 Rd2 45. Ra4
Ke7 46. Rd4 Rxd4 47. cxd4 Kd6 48. Kf3 Kc6 49. g4 Kb5 50. g5 Kc4 51. Ke3 Kc3 52.
h4 Kc4 0-1

[Event "Millenium"]
[Site "Charlesbourg CAN"]
[Date "2014.10.20"]
[Round "3"]
[White "Laflamme, Simon"]
[Black "Arteau, Benoit"]
[Result "1/2-1/2"]
[WhiteElo "2033"]
[BlackElo "1844"]
[PlyCount "52"]
[EventDate "2014.10.06"]
[EventType "tourn"]
[EventRounds "5"]
[EventCountry "CAN"]

1. Nf3 Nf6 2. c4 e6 3. g3 b6 4. Bg2 Bb7 5. O-O Be7 6. Nc3 O-O 7. Re1 d6 8. e4
Nbd7 9. d4 e5 10. Qc2 exd4 11. Nxd4 Ne5 12. b3 Nfd7 13. Bb2 Re8 14. Rad1 Bf8
15. f4 Ng6 16. e5 Bxg2 17. Qxg2 dxe5 18. Nc6 Qc8 19. Qh3 Bd6 20. f5 Ne7 21.
Nxe7+ Rxe7 22. Ne4 Bb4 23. Re2 f6 24. a3 Bc5+ 25. Kf1 Rf7 26. b4 Bf8 1/2-1/2

[Event "Millenium"]
[Site "Charlesbourg CAN"]
[Date "2014.10.20"]
[Round "3"]
[White "Plante, Rejean"]
[Black "Dube, Daniel"]
[Result "1-0"]
[WhiteElo "2026"]
[BlackElo "1806"]
[PlyCount "65"]
[EventDate "2014.10.06"]
[EventType "tourn"]
[EventRounds "5"]
[EventCountry "CAN"]

1. d4 Nf6 2. c4 e6 3. Nf3 Bb4+ 4. Bd2 Qe7 5. g3 Nc6 6. Bg2 Bxd2+ 7. Nbxd2 e5 8.
d5 Nb8 9. e4 d6 10. O-O O-O 11. Qc2 a5 12. Nb1 Na6 13. Nc3 Nc5 14. b3 Bd7 15.
Rac1 c6 16. dxc6 bxc6 17. Rfe1 Rfd8 18. Nh4 g6 19. Rcd1 Ne6 20. Qd2 Nd4 21. f4
Bg4 22. Rc1 Nh5 23. Qf2 Qe6 24. f5 Qf6 25. h3 Bxh3 26. Bxh3 Qg5 27. Kh2 gxf5
28. Nxf5 Ne6 29. Qe3 d5 30. exd5 cxd5 31. cxd5 Nef4 32. gxf4 exf4 33. Rg1 1-0

[Event "Millenium"]
[Site "Charlesbourg CAN"]
[Date "2014.10.20"]
[Round "3"]
[White "Tremblay-Alix, Eric"]
[Black "Doyon, Stephane"]
[Result "1-0"]
[WhiteElo "1795"]
[BlackElo "1832"]
[PlyCount "115"]
[EventDate "2014.10.06"]
[EventType "tourn"]
[EventRounds "5"]
[EventCountry "CAN"]

1. f4 d5 2. Nf3 Nf6 3. e3 Bg4 4. c4 c6 5. Qb3 Qb6 6. Ne5 Nbd7 7. Nxg4 Nxg4 8.
Qd1 Ngf6 9. Nc3 e6 10. b3 g6 11. Bb2 Bg7 12. cxd5 exd5 13. Na4 Qd8 14. Bd3 O-O
15. O-O b5 16. Nc3 Nc5 17. Bc2 Re8 18. Ne2 Ne6 19. f5 Ng5 20. Nf4 Qd6 21. fxg6
hxg6 22. Nxg6 fxg6 23. Bxg6 Rf8 24. Be5 Qxe5 25. Rf5 Qe7 26. Rxg5 Ne4 27. Rh5
Rf6 28. Qg4 Raf8 29. Bh7+ Kf7 30. Rf5 Ke8 31. Qh5+ Kd8 32. Rd1 Rxf5 33. Bxf5
Qg5 34. Qxg5+ Nxg5 35. Bg4 Ne4 36. Bf3 Bh6 37. Kf1 Ng5 38. Ke2 Nxf3 39. gxf3
Rg8 40. Rh1 Kd7 41. Kd3 Kd6 42. b4 Rg2 43. a4 Bg7 44. axb5 cxb5 45. Rc1 Rxh2
46. Rc2 Rh4 47. f4 Bf6 48. Ra2 Rh1 49. Ra6+ Ke7 50. Rxa7+ Ke6 51. Rb7 Rb1 52.
Rxb5 Rb3+ 53. Kc2 Rb2+ 54. Kc1 d4 55. Rb6+ Ke7 56. Kxb2 dxe3+ 57. Rxf6 e2 58.
Rf5 1-0

[Event "Millenium"]
[Site "Charlesbourg CAN"]
[Date "2014.10.27"]
[Round "4"]
[White "Arteau, Benoit"]
[Black "Plante, Rejean"]
[Result "0-1"]
[WhiteElo "1844"]
[BlackElo "2026"]
[PlyCount "202"]
[EventDate "2014.10.06"]
[EventType "tourn"]
[EventRounds "5"]
[EventCountry "CAN"]

1. b3 d5 2. Bb2 Nf6 3. e3 Bf5 4. Nf3 e6 5. Bb5+ c6 6. Be2 Be7 7. O-O O-O 8. d3
Nbd7 9. Nbd2 h6 10. Nd4 Bh7 11. f4 c5 12. Nb5 a6 13. Na3 b5 14. Nf3 b4 15. Nb1
Qb6 16. Ne5 Nxe5 17. fxe5 Nd7 18. Nd2 Bg5 19. Rf3 Qc7 20. Rg3 Nxe5 21. Kh1 Bg6
22. Bh5 Bxh5 23. Qxh5 Ng6 24. Rf1 d4 25. Ne4 Bxe3 26. Nxc5 Qe7 27. Ne4 Qh4 28.
Qxh4 Nxh4 29. Nd6 e5 30. Nc4 Bf4 31. Rh3 Ng6 32. Rhf3 Bg5 33. g3 Bf6 34. h4 a5
35. a4 Ne7 36. Bc1 Nd5 37. Bd2 Ra6 38. Kg2 Kh7 39. Re1 Re8 40. Rf2 Nb6 41. Nd6
Re7 42. Ne4 Nd5 43. Kh3 Rc6 44. Bc1 Rec7 45. Ree2 Bd8 46. g4 f6 47. g5 f5 48.
Ng3 f4 49. Ne4 Ne3 50. Bxe3 dxe3 51. Rh2 Rc8 52. Kg4 Bb6 53. h5 Bd4 54. g6+ Kg8
55. Rhg2 Rf8 56. Kf3 Rf5 57. Rh2 Ba7 58. Re1 Bb6 59. Ree2 Kf8 60. Reg2 Ke7 61.
Re2 Ke6 62. Rh4 Bd4 63. Rhh2 Bb2 64. Rh4 Bc1 65. Rhh2 Bd2 66. Nxd2 exd2 67.
Rxd2 Kd5 68. Rde2 Rg5 69. Reg2 Rf5 70. Re2 Rc3 71. Re4 Rg5 72. Ree2 Rg3+ 73.
Kf2 Rc6 74. Kf1 Rf6 75. Rhg2 Rf5 76. Rh2 Rgg5 77. Re4 Rxh5 78. Rxh5 Rxh5 79.
Rc4 Rg5 80. Rc8 Rxg6 81. Ra8 Rc6 82. Rxa5+ Kd4 83. Rb5 Rxc2 84. Rxb4+ Kxd3 85.
Rb7 e4 86. a5 f3 87. a6 Ra2 88. a7 e3 89. Rd7+ Kc3 90. Rc7+ Kd4 91. Rc4+ Kd3
92. Ra4 Rh2 93. Kg1 Rg2+ 94. Kh1 e2 95. Ra1 e1=Q+ 96. Rxe1 Ra2 97. Re7 g5 98.
Rh7 g4 99. Rxh6 g3 100. Rd6+ Ke2 101. Re6+ Kf2 0-1

[Event "Millenium"]
[Site "Charlesbourg CAN"]
[Date "2014.10.27"]
[Round "4"]
[White "Beauchesne, Jonathan"]
[Black "Boies, Dominique"]
[Result "1/2-1/2"]
[WhiteElo "1680"]
[BlackElo "1539"]
[PlyCount "105"]
[EventDate "2014.10.06"]
[EventType "tourn"]
[EventRounds "5"]
[EventCountry "CAN"]

1. e4 e5 2. Nf3 Nc6 3. Bb5 a6 4. Ba4 Nf6 5. O-O Be7 6. Re1 b5 7. Bb3 d6 8. c3
O-O 9. h3 Bb7 10. d4 exd4 11. cxd4 Re8 12. Nbd2 h6 13. Nf1 Bf8 14. Ng3 Na5 15.
Bc2 c5 16. d5 Nc4 17. b3 Ne5 18. Nxe5 Rxe5 19. Bf4 Re8 20. Nf5 Bc8 21. Ng3 Bd7
22. e5 g5 23. exf6 Rxe1+ 24. Qxe1 Qxf6 25. Be3 Bg7 26. Rd1 Re8 27. Nh5 Qb2 28.
Nxg7 Kxg7 29. Bb1 f5 30. Qd2 Qxd2 31. Bxd2 b4 32. Re1 Rxe1+ 33. Bxe1 Kf6 34.
Bd2 Ke5 35. h4 f4 36. hxg5 hxg5 37. g3 fxg3 38. fxg3 g4 39. Kf2 Kxd5 40. Ke3
Ke5 41. Bg6 a5 42. Bc1 d5 43. Ke2 Bb5+ 44. Bd3 c4 45. Bb2+ Ke6 46. Ke3 cxd3 47.
Bd4 Kd6 48. Bb6 a4 49. Bd4 axb3 50. axb3 Ba6 51. Bb6 Kc6 52. Bd4 Kd6 53. Kd2
1/2-1/2

[Event "Millenium"]
[Site "Charlesbourg CAN"]
[Date "2014.10.27"]
[Round "4"]
[White "Cossette, Daniel"]
[Black "Tremblay-Alix, Eric"]
[Result "1-0"]
[WhiteElo "2029"]
[BlackElo "1795"]
[PlyCount "59"]
[EventDate "2014.10.06"]
[EventType "tourn"]
[EventRounds "5"]
[EventCountry "CAN"]

1. e4 e5 2. Nf3 Nf6 3. Nxe5 d6 4. Nxf7 Kxf7 5. Nc3 Be6 6. d4 c6 7. Be2 Be7 8.
f4 Rf8 9. O-O Kg8 10. Be3 Qc8 11. f5 Nxe4 12. Nxe4 Bxf5 13. Ng3 Be6 14. Qd2 Nd7
15. Rxf8+ Qxf8 16. Bd3 g6 17. Bh6 Qf6 18. Be3 Nb6 19. Rf1 Qg7 20. b3 Nd5 21.
Bf2 Rf8 22. Re1 Qf7 23. Ne4 Nf4 24. Bf1 d5 25. Nc5 Bg4 26. Bg3 Bg5 27. Bxf4
Bxf4 28. Qc3 Bg5 29. Qg3 Bh4 30. Qxh4 1-0

[Event "Millenium"]
[Site "Charlesbourg CAN"]
[Date "2014.10.27"]
[Round "4"]
[White "Doyon, Stephane"]
[Black "Boissinot, Claude"]
[Result "1-0"]
[WhiteElo "1832"]
[BlackElo "1505"]
[PlyCount "46"]
[EventDate "2014.10.06"]
[EventType "tourn"]
[EventRounds "5"]
[EventCountry "CAN"]

1. Nf3 d5 2. g3 Nf6 3. Bg2 Bf5 4. O-O e6 5. d3 Nbd7 6. Nbd2 Bd6 7. Re1 O-O 8.
h3 Bg6 9. e4 dxe4 10. dxe4 Bc5 11. e5 Nd5 12. Nh4 Ne7 13. Bxb7 Rb8 14. Bg2 c6
15. Nxg6 fxg6 16. Ne4 Bb6 17. Qd6 Kh8 18. Bg5 Rf7 19. Rad1 Rb7 20. Qxe6 Kg8 21.
Nd6 Bxf2+ 22. Kh1 Bxe1 23. Qxf7+ Kh8 1-0

[Event "Millenium"]
[Site "Charlesbourg CAN"]
[Date "2014.10.27"]
[Round "4"]
[White "Dube, Daniel"]
[Black "Glode, Martin"]
[Result "1/2-1/2"]
[WhiteElo "1806"]
[BlackElo "1825"]
[PlyCount "84"]
[EventDate "2014.10.06"]
[EventType "tourn"]
[EventRounds "5"]
[EventCountry "CAN"]

1. e4 Nf6 2. Nc3 d5 3. exd5 Nxd5 4. g3 g6 5. Bg2 c6 6. Nxd5 cxd5 7. d4 Bg7 8.
Nf3 Nc6 9. O-O O-O 10. Re1 Bf5 11. c3 Be4 12. h4 b5 13. Ne5 Nxe5 14. Bxe4 dxe4
15. dxe5 Qxd1 16. Rxd1 f5 17. exf6 exf6 18. Be3 f5 19. Rd7 Rf7 20. Rad1 a6 21.
Rxf7 Kxf7 22. Rd7+ Kg8 23. Kf1 Rc8 24. Bd4 Bxd4 25. Rxd4 Rc7 26. Rd6 Ra7 27.
Ke2 Kf7 28. Ke3 Ke7 29. Rb6 Kf7 30. Kf4 Rd7 31. Rxa6 Rd2 32. b4 Rxf2+ 33. Ke5
e3 34. Ra7+ Ke8 35. Ke6 Kd8 36. Ra8+ Kc7 37. Kd5 Rf3 38. Kc5 Kd7 39. Ra7+ Ke6
40. Ra6+ Ke7 41. Ra7+ Ke6 42. Ra8 Ke7 1/2-1/2

[Event "Millenium"]
[Site "Charlesbourg CAN"]
[Date "2014.10.27"]
[Round "4"]
[White "Garneau, Benoit"]
[Black "Cote, Frederic"]
[Result "1-0"]
[WhiteElo "1942"]
[BlackElo "1144"]
[PlyCount "47"]
[EventDate "2014.10.06"]
[EventType "tourn"]
[EventRounds "5"]
[EventCountry "CAN"]

1. Nf3 b5 2. g3 Bb7 3. Bg2 e6 4. O-O Nc6 5. d4 d5 6. a4 b4 7. a5 a6 8. Nbd2 Bd6
9. e4 dxe4 10. Nxe4 Nf6 11. Bg5 Be7 12. Nxf6+ Bxf6 13. Bxf6 gxf6 14. c4 bxc3
15. bxc3 Ne7 16. Re1 Rc8 17. c4 c5 18. d5 exd5 19. Nh4 O-O 20. Qh5 Bc6 21. Rxe7
Qxe7 22. Nf5 Qe5 23. Qg4+ Kh8 24. Qg7# 1-0

[Event "Millenium"]
[Site "Charlesbourg CAN"]
[Date "2014.11.03"]
[Round "5"]
[White "Cyr, Vincent"]
[Black "Dube, Daniel"]
[Result "0-1"]
[WhiteElo "1371"]
[BlackElo "1796"]
[PlyCount "90"]
[EventDate "2014.10.06"]
[EventType "tourn"]
[EventRounds "5"]
[EventCountry "CAN"]

1. e4 e6 2. d4 d5 3. e5 b6 4. Nf3 c5 5. c3 Qd7 6. Bd3 Ba6 7. Bxa6 Nxa6 8. Qe2
Nb8 9. O-O Nc6 10. Na3 cxd4 11. cxd4 Bxa3 12. bxa3 Nge7 13. Qd3 Na5 14. Bd2 Nc4
15. Rac1 Qa4 16. Bb4 a5 17. Bd6 Nf5 18. Rc2 Nfxd6 19. exd6 Qxa3 20. Qxa3 Nxa3
21. Rc7 Nb5 22. d7+ Ke7 23. Rfc1 Nxc7 24. Rxc7 Rhd8 25. Ne5 Kd6 26. Rc6+ Ke7
27. Rc7 f6 28. Nc6+ Kd6 29. Nxd8 Kxc7 30. Nxe6+ Kxd7 31. Nxg7 Rc8 32. g4 b5 33.
h4 a4 34. Nh5 Ke7 35. g5 fxg5 36. hxg5 b4 37. Nf6 Kd6 38. Nxh7 b3 39. axb3 axb3
40. g6 b2 41. g7 b1=Q+ 42. Kg2 Qe4+ 43. f3 Rc2+ 44. Kf1 Qe2+ 45. Kg1 Rc1# 0-1